Penále z neplnenia odvodových povinností v nemocenskom poistení a dôchodkovom zabezpečení

Bibliographic Details
Main Author: Rišňovský, Ľudovít (Author)
Format: Article
Language:Slovak
Subjects:

MARC

LEADER 00000nab a2200000 a 4500
001 vtls000778460
003 SK-MaSNL
005 20260304111559.0
008 250429c2001 xo 0 slo
015 |a SNBRB2002/01-03162 
035 |a CLN000130239 
035 |a urn:nbn:sk:snk-ab77oq 
035 |a (uuid)2ed879c6-c842-4059-9e86-ea06c48b3a73 
035 |a (urnnbn)urn:nbn:sk:snk:ar-a073x0 
035 |a (sysno)vtls000778460 
040 |a SNKBUCL  |b slo  |c SNKBUCL  |e AACR2 
041 0 |a slo 
044 |a xo  |c SK 
080 |a 368.42/.46(437.6)  |2 1997 
100 1 |a Rišňovský, Ľudovít  |4 aut  |9 292713 
245 1 0 |a Penále z neplnenia odvodových povinností v nemocenskom poistení a dôchodkovom zabezpečení  |c Ľudovít Rišňovský 
610 7 |a Sociálna poisťovňa (Slovensko)  |x penalizácia  |y 2001  |2 snkbucl  |9 1412124 
650 0 7 |a nemocenské poistenie  |2 snkbucl  |9 67734 
650 0 7 |a dôchodkové zabezpečenie  |2 snkbucl  |9 29237 
650 0 7 |a penále  |2 snkbucl  |9 469763 
655 7 |a články z novín a časopisov  |2 snkbucl  |9 267496 
773 0 |t Manažment, mzdy a financie  |g Roč. 8, č. 17-18 (2001), s. 54-56  |x 1335-4329 
850 |a Slovenská národná knižnica 
852 |a Slovenská národná knižnica 
954 |a odborná, vedecká literatúra pôvodná (slovenská)  |2 lita 
958 |a article2022 
958 |a OND 
958 |a SK 
958 |a EUIPO 
999 |c 2862821  |d 2864751